| 000 | 01097cam a2200349 i 4500 | ||
|---|---|---|---|
| 999 |
_c200453241 _d71453 |
||
| 003 | TR-AnTOB | ||
| 005 | 20230605111348.0 | ||
| 007 | ta | ||
| 008 | 220112s2019 tu $r01 $$$$ eng utu | ||
| 020 | _a9786057544988 | ||
| 040 |
_aTR-AnTOB _beng _erda _cTR-AnTOB |
||
| 041 | 0 | _aeng | |
| 044 | _ctu | ||
| 050 | 1 | _aUG1242.D7 | |
| 090 |
_aUG1242.D7 _b.B355 2019 |
||
| 100 | 1 |
_aBalkan, Serkan _9142126 _eauthor |
|
| 245 | 1 | 2 |
_aA global battlefield?: _brising drone capabilities of non-state armed groups and terrorist organizations / _cSerkan Balkan. |
| 264 | 1 |
_aİstanbul : _bSETA, _c2019. |
|
| 300 |
_a59 pages : _billustrations ; _c24 cm |
||
| 336 |
_atext _btxt _2rdacontent |
||
| 337 |
_aunmediated _bn _2rdamedia |
||
| 338 |
_avolume _bnc _2rdacarrier |
||
| 504 | _aBIB | ||
| 650 | 0 |
_aDrone aircraft _924177 |
|
| 650 | 7 |
_aSavunma endüstrisi _2etuturkob _9113522 |
|
| 650 | 0 |
_aTerrorism _9117886 |
|
| 650 | 0 |
_aAir forces _9142127 |
|
| 650 | 0 |
_aAir warfare _9142128 |
|
| 856 |
_uhttps://setav.org/en/assets/uploads/2019/12/R146En.pdf _zpdf |
||
| 942 |
_2lcc _cBK |
||